00577nam a22001937a 4500999001900000005001700019010001300036020002500049035001300074037001300087082001300100100001900113245007900132260004000211270006000251300002200311500002300333942002700356 c164595d16459520190523120727.0 aB-269229 a978817049305c495.00 aB-269229 bDBAD/PUB a355.0092 aSankaran, N.K. ainside ib and raw:bthe rolling stone that gathered moss/c, N.K. Sankaran aNew delhibmanas publicationsc2008 a4402/5A, main ansari Road daryaganj,bnew Delhie110002 a235p.c21cm.(Hbk) ait inculdes index. 2ddccENh355.0092mNAI